|
|
|
|
| LEADER |
00000nab#a22000007a#4500 |
| 001 |
arbauad005861 |
| 003 |
AR-BaUAD |
| 005 |
20250711110731.0 |
| 008 |
941112|||||||||###||||||b###|0###a|spa|| |
| 040 |
|
|
|a AR-BaUAD
|c AR-BaUAD
|b spa
|
| 100 |
|
|
|a Lier, Raúl
|
| 245 |
|
|
|a Revivir desde adentro /
|c Raúl Lier; Alberto Tonconogy;
|
| 300 |
0 |
|
|b cortes, fot., il., plantas
|
| 500 |
|
|
|a Oficinas de la petrolera Shell CAPSA ubicada en Diagonal Norte y Esmeralda.
|
| 653 |
|
|
|a ARQUITECTURA
|
| 653 |
|
|
|a DISEÑO DE INTERIORES
|
| 653 |
|
|
|a REMODELACION
|
| 653 |
|
|
|a SHELL CAPSA
|
| 653 |
|
|
|a OFICINAS
|
| 653 |
|
|
|a BUENOS AIRES, CIUDAD
|
| 653 |
|
|
|a ARGENTINA
|
| 653 |
|
|
|a LIER, RAUL
|
| 653 |
|
|
|a TONCONOGY, ALBERTO
|
| 700 |
1 |
|
|a Tonconogy, Alberto
|
| 773 |
0 |
|
|t SUMMA
|g no. 270 [feb. 1990], p. 40-45
|
| 942 |
|
|
|c ARTI
|
| 952 |
|
|
|0 0
|1 0
|4 0
|7 0
|9 50781
|a AR-BAuAD
|b AR-BAuAD
|d 2025-07-11
|l 0
|p AAQA005861
|r 2025-07-11 11:07:31
|w 2025-07-11
|y ARTI
|
| 990 |
|
|
|a AQ199
|b TD
|
| 998 |
|
|
|a AAQ
|b BIBUN76
|
| 999 |
|
|
|c 30454
|d 30454
|